Car logos with the company name in them - Statistics

General Stats
  • This quiz has been taken 31 times
  • The average score is 8 of 12
Answer Stats
Starting letter Answer % Correct
F Ford
88%
K KIA
77%
N Nissan
77%
B BMW
73%
T Toyota
73%
J Jaguar
65%
J Jeep
65%
F Fiat
58%
A Aston Martin
54%
V Volvo
54%
A Alfa Romeo
50%
G GMC
46%
No matching quizzes found
Score Distribution
Percent of People with Each Score
Percentile by Number Answered
Your Score History
You have not taken this quiz